[Event "Vyatka Cup 7th"]
[Site "Kirov"]
[Date "2018.08.20"]
[Round "6"]
[White "Shustov, Dmitrij"]
[Black "Suleimanov, Konstantin"]
[Result "0-1"]
[WhiteElo "1760"]
[BlackElo "1795"]
[PlyCount "40"]
[EventDate "2018.08.15"]
[EventType "tourn"]
[EventRounds "11"]
[EventCountry "RUS"]
[SourceTitle "CBM 187 Extra"]
[Source "ChessBase"]
[SourceDate "2018.11.04"]
[SourceVersion "1"]
[SourceVersionDate "2018.11.04"]
[SourceQuality "1"]

1. d4 Nf6 2. g3 g6 3. Bg2 Bg7 4. e4 d6 5. Ne2 Bg4 6. Nbc3 0-0 7. e5 Ne8 8. Bxb7 Nd7 9. f4 Bh3 10. Ng1 Rb8 11. Bf3 Bf5 12. g4 dxe5 13. gxf5 exd4 14. Nce2 Nc5 15. Bg2 d3 16. Nc3 Nd6 17. Be3 dxc2 18. Qxc2 Rxb2 19. Qxb2 Nd3+ 20. Ke2 Nxb2 0-1

[Event "Vyatka Cup 7th"]
[Site "Kirov"]
[Date "2018.08.17"]
[Round "3"]
[White "Chigarev, Vyacheslav"]
[Black "Shustov, Dmitrij"]
[Result "1-0"]
[WhiteElo "1661"]
[BlackElo "1760"]
[PlyCount "43"]
[EventDate "2018.08.15"]
[EventType "tourn"]
[EventRounds "11"]
[EventCountry "RUS"]
[SourceTitle "CBM 187 Extra"]
[Source "ChessBase"]
[SourceDate "2018.11.04"]
[SourceVersion "1"]
[SourceVersionDate "2018.11.04"]
[SourceQuality "1"]

1. e4 c5 2. Nf3 e6 3. c3 Nc6 4. d4 d5 5. exd5 exd5 6. Bb5 a6 7. Bxc6+ bxc6 8. 0-0 Nf6 9. Re1+ Be6 10. Ne5 Qb6 11. Qb3 Rb8 12. Nxc6 Qxb3 13. axb3 Rb6 14. Na5 cxd4 15. b4 Bd6 16. Nb3 dxc3 17. bxc3 Kd7 18. Be3 Rb7 19. Rxa6 Rc8 20. Bc5 Rc6 21. Rxc6 Kxc6 22. Na5+ 1-0

[Event "Kirov Chudinovskikh Memorial 5th"]
[Site "Kirov"]
[Date "2018.08.09"]
[Round "9"]
[White "Shipitsyn, Pavel"]
[Black "Shustov, Dmitrij"]
[Result "0-1"]
[WhiteElo "1940"]
[BlackElo "1760"]
[PlyCount "98"]
[EventDate "2018.07.29"]
[EventType "swiss"]
[EventRounds "10"]
[EventCountry "RUS"]
[SourceTitle "CBM 186 Extra"]
[Source "ChessBase"]
[SourceDate "2018.08.24"]
[SourceVersion "1"]
[SourceVersionDate "2018.08.24"]
[SourceQuality "1"]

1. c4 c5 2. Nf3 Nc6 3. Nc3 e5 4. g3 Nf6 5. Bg2 d5 6. cxd5 Nxd5 7. 0-0 Nc7 8. d3 Bd6 9. Ne4 0-0 10. Nxd6 Qxd6 11. Nd2 Be6 12. b3 Qd7 13. Ba3 b6 14. Bb2 f6 15. Re1 Rac8 16. Rc1 Ne7 17. Qc2 Bd5 18. Nf3 g5 19. Qd2 Ng6 20. Red1 h5 21. e3 Ne6 22. Rc2 h4 23. Rdc1 Rcd8 24. d4 exd4 25. exd4 Bxf3 26. Bxf3 Nxd4 27. Bxd4 Qxd4 28. Qe2 Ne5 29. Bg2 hxg3 30. hxg3 Rfe8 31. Qh5 Kg7 32. Rc4 Nxc4 33. bxc4 Qb2 34. Rd1 Rxd1+ 35. Qxd1 Qd4 36. Qf3 Qxc4 37. Qc6 Qe6 38. Qb7+ Qe7 39. Qc6 Qe1+ 40. Bf1 Qe6 41. Qb7+ Re7 42. Qa8 Qxa2 43. Qf3 Qe6 44. Bd3 Qh3 45. Qd1 Re8 46. Bc2 Qe6 47. Qd3 Rh8 48. Qg6+ Kf8 49. Be4 Qe5 0-1

[Event "Kirov Chudinovskikh Memorial 5th"]
[Site "Kirov"]
[Date "2018.08.06"]
[Round "6"]
[White "Shuljya, Alexander"]
[Black "Shustov, Dmitrij"]
[Result "1/2-1/2"]
[WhiteElo "1719"]
[BlackElo "1760"]
[PlyCount "86"]
[EventDate "2018.07.29"]
[EventType "swiss"]
[EventRounds "10"]
[EventCountry "RUS"]
[SourceTitle "CBM 186 Extra"]
[Source "ChessBase"]
[SourceDate "2018.08.24"]
[SourceVersion "1"]
[SourceVersionDate "2018.08.24"]
[SourceQuality "1"]

1. d4 e6 2. e4 d5 3. Nd2 c5 4. c3 Nc6 5. Ngf3 cxd4 6. cxd4 Qb6 7. exd5 exd5 8. Nb3 Bb4+ 9. Bd2 Nf6 10. Bxb4 Qxb4+ 11. Qd2 Ne4 12. Qxb4 Nxb4 13. Bb5+ Bd7 14. Bxd7+ Kxd7 15. 0-0 f6 16. a3 Nd3 17. Rab1 Rac8 18. Ne1 Nxe1 19. Rfxe1 b6 20. Re2 Rc4 21. Rbe1 Re8 22. f3 Nd6 23. Rxe8 Nxe8 24. Re2 a5 25. Kf2 a4 26. Na1 Rxd4 27. Nc2 Rc4 28. Ne3 Rc5 29. Nf5 Kd8 30. Nd4 Nc7 31. Ke3 Kd7 32. Kd3 g6 33. f4 Nb5 34. Nc2 Rc4 35. g3 Rc7 36. Nb4 Kd6 37. Re8 Rd7 38. Rb8 Kc5 39. Na6+ Kc6 40. Nb4+ Kc5 41. Na6+ Kc6 42. Nb4+ Kc5 43. Na6+ Kc6 1/2-1/2

[Event "Kirov Chudinovskikh Memorial 5th"]
[Site "Kirov"]
[Date "2018.08.05"]
[Round "5"]
[White "Shustov, Dmitrij"]
[Black "Suleimanov, Konstantin"]
[Result "1/2-1/2"]
[WhiteElo "1760"]
[BlackElo "1795"]
[PlyCount "50"]
[EventDate "2018.07.29"]
[EventType "swiss"]
[EventRounds "10"]
[EventCountry "RUS"]
[SourceTitle "CBM 186 Extra"]
[Source "ChessBase"]
[SourceDate "2018.08.24"]
[SourceVersion "1"]
[SourceVersionDate "2018.08.24"]
[SourceQuality "1"]

1. d4 Nf6 2. g3 e5 3. dxe5 Ng4 4. Bg2 Nxe5 5. e4 Bc5 6. Ne2 d6 7. h3 Nbc6 8. 0-0 Qf6 9. Nf4 Ne7 10. Nc3 Be6 11. Nd3 Bb6 12. Kh2 Bc4 13. f4 Nxd3 14. cxd3 Ba6 15. Rf3 0-0 16. Be3 Bxe3 17. Rxe3 Qd4 18. Qd2 Rfe8 19. Ne2 Qb6 20. g4 Nd5 21. Rg3 Nb4 22. Nc3 Qd4 23. Ne2 Qb6 24. Nc3 Qd4 25. Ne2 Qb6 1/2-1/2

[Event "Kirov-ch FL"]
[Site "Kirov"]
[Date "2018.04.14"]
[Round "9"]
[White "Fedorov, Ivan"]
[Black "Shustov, Dmitrij"]
[Result "1-0"]
[WhiteElo "1917"]
[BlackElo "1929"]
[PlyCount "87"]
[EventDate "2018.04.01"]
[EventType "tourn"]
[EventRounds "11"]
[EventCountry "RUS"]
[SourceTitle "EXT 2019"]
[Source "ChessBase"]
[SourceDate "2018.10.10"]
[SourceVersion "1"]
[SourceVersionDate "2018.10.10"]
[SourceQuality "1"]

1. e4 c5 2. Nf3 e6 3. b4 cxb4 4. d4 d5 5. e5 Nc6 6. Be2 Nh6 7. a3 bxa3 8. 0-0 Nf5 9. Bxa3 Bxa3 10. Rxa3 0-0 11. Bd3 f6 12. Re1 fxe5 13. Nxe5 Nxe5 14. Rxe5 Qb6 15. c3 g6 16. Rb3 Qc7 17. Nd2 Nd6 18. Qe2 a6 19. h4 b5 20. h5 Nc4 21. Rg5 Qf4 22. Nf3 Qc1+ 23. Qe1 Qxe1+ 24. Nxe1 Rf6 25. hxg6 hxg6 26. Bxg6 Kf8 27. Nd3 Ke7 28. Bh5 Kd6 29. Rg7 Bd7 30. Ne5 Be8 31. Rg8 Ke7 32. Bxe8 Nxe5 33. dxe5 Rf4 34. g3 Rf5 35. Bf7 Rxg8 36. Bxg8 Rh5 37. Ra3 Rh8 38. Rxa6 Rxg8 39. Ra7+ Kf8 40. Ra8+ Kf7 41. Rxg8 Kxg8 42. Kf1 Kg7 43. f4 Kg6 44. g4 1-0

[Event "Kirov Chudinovskikh Memoriail-A 4th"]
[Site "Kirov"]
[Date "2017.08.05"]
[Round "4"]
[White "Ljashenko, Konstantin"]
[Black "Shustov, Dmitrij"]
[Result "0-1"]
[WhiteElo "2114"]
[BlackElo "1767"]
[PlyCount "106"]
[EventDate "2017.07.28"]
[EventType "swiss"]
[EventRounds "9"]
[EventCountry "RUS"]
[SourceTitle "EXT 2018"]
[Source "ChessBase"]
[SourceDate "2017.10.13"]
[SourceVersion "1"]
[SourceVersionDate "2017.10.13"]
[SourceQuality "1"]

1. e4 c5 2. b3 Nc6 3. Bb2 d6 4. g3 e5 5. Bg2 f5 6. d3 Nf6 7. Nc3 g6 8. Nge2 Bg7 9. 0-0 0-0 10. Nd5 Nxd5 11. exd5 Nd4 12. f4 Re8 13. fxe5 Nxe2+ 14. Qxe2 Bxe5 15. Bxe5 Rxe5 16. Qd2 b5 17. c4 bxc4 18. dxc4 a5 19. Rae1 Re7 20. Rxe7 Qxe7 21. Re1 Qf7 22. Qg5 Qf8 23. Re7 f4 24. gxf4 Bf5 25. Qh4 h6 26. Qe1 a4 27. h3 axb3 28. axb3 Ra1 29. Qxa1 Qxe7 30. Qc3 Kf7 31. Kh1 Qh4 32. Qe3 g5 33. fxg5 hxg5 34. Kg1 Qf4 35. Qxf4 gxf4 36. Kf2 Kf6 37. Ke2 Bc2 38. h4 Bxb3 39. Kd3 Ke5 40. h5 Ba2 41. Bf3 Kf6 42. Be2 Bb1+ 43. Kd2 Kg5 44. Ke1 Bc2 45. Kf2 Ba4 46. Bf3 Be8 47. h6 Kxh6 48. Bg4 Kg5 49. Kf3 Bg6 50. Bh3 Bd3 51. Bg2 Bxc4 52. Ke4 Bb3 53. Bf3 Bc2# 0-1

[Event "Kirov Vyatka Cup-B 4th"]
[Site "Kirov"]
[Date "2015.08.29"]
[Round "9"]
[White "Ljashenko, Konstantin"]
[Black "Shustov, Dmitrij"]
[Result "1-0"]
[WhiteElo "2099"]
[BlackElo "1660"]
[PlyCount "65"]
[EventDate "2015.08.21"]
[EventType "tourn"]
[EventRounds "9"]
[EventCountry "RUS"]
[SourceTitle "EXT 2022"]
[Source "ChessBase"]
[SourceDate "2021.10.06"]
[SourceVersion "1"]
[SourceVersionDate "2021.10.06"]
[SourceQuality "1"]

1. c4 c5 2. g3 e6 3. Bg2 Nf6 4. e4 Nc6 5. Nc3 Be7 6. Nge2 0-0 7. 0-0 a6 8. b3 Rb8 9. d4 cxd4 10. Nxd4 Qc7 11. a4 d6 12. h3 Bd7 13. Be3 Nxd4 14. Bxd4 Bc6 15. a5 Nd7 16. b4 b6 17. b5 axb5 18. cxb5 Ba8 19. axb6 Nxb6 20. Qd3 Rfc8 21. Rfc1 Qd7 22. Ra6 Qd8 23. Rca1 Nd7 24. Ba7 Nc5 25. Bxc5 dxc5 26. Qc2 Bf6 27. Rd1 Qc7 28. Rb1 Bxc3 29. Qxc3 Rb6 30. Qa5 Rxa6 31. Qxc7 Rxc7 32. bxa6 g6 33. Rb8+ 1-0

[Event "Kirov Arakelian Memorial-B 5th"]
[Site "Kirov"]
[Date "2015.05.04"]
[Round "3"]
[White "Shipelov, Daniil"]
[Black "Shustov, Dmitrij"]
[Result "1-0"]
[WhiteElo "1781"]
[BlackElo "1637"]
[PlyCount "49"]
[EventDate "2015.05.03"]
[EventType "tourn"]
[EventRounds "9"]
[EventCountry "RUS"]
[SourceTitle "EXT 2018"]
[Source "ChessBase"]
[SourceDate "2017.10.13"]
[SourceVersion "1"]
[SourceVersionDate "2017.10.13"]
[SourceQuality "1"]

1. c4 c5 2. Nc3 e6 3. Nf3 d5 4. cxd5 exd5 5. d4 Nf6 6. g3 Nc6 7. Bg2 Bf5 8. Bg5 Qb6 9. Bxf6 Nb4 10. Be5 Nc2+ 11. Kf1 Nxa1 12. Nxd5 Qxb2 13. dxc5 Qb1 14. Qxb1 Bxb1 15. Nc7+ Kd7 16. Nxa8 Nc2 17. Nd2 Bxa2 18. Bxb7 Bxc5 19. Bxg7 Rb8 20. Be4 Nb4 21. Kg2 Bd5 22. Rd1 Rxa8 23. Bxd5 Nxd5 24. Ne4 Kc6 25. Rc1 1-0

[Event "Kirov Vyatki Cup-B 3rd"]
[Site "Kirov"]
[Date "2014.08.17"]
[Round "7"]
[White "Shustov, Dmitrij"]
[Black "Malyshev, Evgeny1"]
[Result "1/2-1/2"]
[WhiteElo "1546"]
[BlackElo "1755"]
[PlyCount "117"]
[EventDate "2014.08.08"]
[EventType "tourn"]
[EventRounds "9"]
[EventCountry "RUS"]
[SourceTitle "CBM 162 Extra"]
[Source "ChessBase"]
[SourceDate "2014.10.17"]
[SourceVersion "1"]
[SourceVersionDate "2014.10.17"]
[SourceQuality "1"]

1. b3 d5 2. Bb2 Nf6 3. Nf3 Nc6 4. e3 Bf5 5. a3 e6 6. d4 Bd6 7. Nc3 0-0 8. Bd3 Bxd3 9. Qxd3 Ne7 10. Nb5 Qd7 11. Nxd6 cxd6 12. 0-0 Rfc8 13. Nd2 b5 14. Rfc1 Rab8 15. f3 a5 16. Rab1 b4 17. a4 Nc6 18. e4 dxe4 19. fxe4 d5 20. e5 Ne8 21. Re1 Ne7 22. Re2 Rc6 23. Rc1 Qc7 24. Nf1 Rc8 25. Ng3 h6 26. h4 Ng6 27. Qf3 Nxh4 28. Qg4 Ng6 29. Nh5 Qe7 30. Rf2 Qg5 31. Qf3 R8c7 32. g4 Nh4 33. Qg3 Ng6 34. Rh2 Rc3 35. Qg2 Nh4 36. Rxh4 Qxh4 37. Bxc3 Rxc3 38. Qe2 Nc7 39. Rf1 Rh3 40. Qg2 Re3 41. Rf2 Re1+ 42. Rf1 Rxf1+ 43. Kxf1 Qg5 44. Qe2 Qc1+ 45. Kg2 Qg5 46. Kg3 f5 47. exf6 gxf6 48. Kh3 f5 49. gxf5 Qxf5+ 50. Kh4 Kf7 51. Kg3 Qg5+ 52. Kh3 Kg6 53. Ng3 h5 54. Qd3+ Kh6 55. Qf3 Qg4+ 56. Qxg4 hxg4+ 57. Kxg4 Kg6 58. Kf4 Kf6 59. Nh5+ 1/2-1/2

[Event "Kirov Vyatki Cup-B 3rd"]
[Site "Kirov"]
[Date "2014.08.16"]
[Round "6"]
[White "Oganov, Mikhail"]
[Black "Shustov, Dmitrij"]
[Result "1-0"]
[WhiteElo "1951"]
[BlackElo "1546"]
[PlyCount "71"]
[EventDate "2014.08.08"]
[EventType "tourn"]
[EventRounds "9"]
[EventCountry "RUS"]
[SourceTitle "CBM 162 Extra"]
[Source "ChessBase"]
[SourceDate "2014.10.17"]
[SourceVersion "1"]
[SourceVersionDate "2014.10.17"]
[SourceQuality "1"]

1. d4 Nf6 2. c4 e6 3. g3 c6 4. Bg2 b6 5. Nf3 d5 6. 0-0 Ba6 7. cxd5 cxd5 8. Nbd2 Be7 9. Re1 0-0 10. e4 dxe4 11. Nxe4 Nxe4 12. Rxe4 Bb7 13. Ne5 Nd7 14. Re1 Bxg2 15. Kxg2 Nxe5 16. dxe5 Qxd1 17. Rxd1 Rfd8 18. Be3 h6 19. Kf3 Kf8 20. a4 Ke8 21. Bd4 Rd5 22. Rd3 Rad8 23. Rad1 Bc5 24. Ke4 Rxd4+ 25. Rxd4 Bxd4 26. Rxd4 Rxd4+ 27. Kxd4 Kd7 28. f4 f6 29. g4 a6 30. f5 exf5 31. gxf5 fxe5+ 32. Kxe5 Ke7 33. b4 h5 34. h4 Kd7 35. Kd5 a5 36. b5 1-0

[Event "Kirov Arakelian Memorial-B 4th"]
[Site "Kirov"]
[Date "2014.05.04"]
[Round "7"]
[White "Savinykh, Sergey"]
[Black "Shustov, Dmitrij"]
[Result "1-0"]
[WhiteElo "2173"]
[BlackElo "1585"]
[PlyCount "119"]
[EventDate "2014.04.30"]
[EventType "tourn"]
[EventRounds "9"]
[EventCountry "RUS"]
[SourceTitle "EXT 2015"]
[Source "ChessBase"]
[SourceDate "2014.11.20"]
[SourceVersion "1"]
[SourceVersionDate "2014.11.20"]
[SourceQuality "1"]

1. e4 c5 2. Nf3 e6 3. d4 cxd4 4. Nxd4 a6 5. Bd3 d6 6. 0-0 Nf6 7. Nc3 Be7 8. Kh1 0-0 9. f4 Qc7 10. Qf3 b5 11. a3 Bb7 12. Qg3 Nbd7 13. Bd2 Nb6 14. e5 dxe5 15. fxe5 Nfd7 16. Qh3 h6 17. Nxe6 Bxg2+ 18. Qxg2 fxe6 19. Qg6 Rxf1+ 20. Rxf1 Nf8 21. Qf7+ Kh8 22. Rg1 Bd6 23. Rxg7 Qxf7 24. Rxf7 Bxe5 25. Bxh6 Kg8 26. Rf2 Nbd7 27. Bc1 Re8 28. Ne4 Re7 29. c4 bxc4 30. Bxc4 Nb8 31. Be3 Rf7 32. b4 Rxf2 33. Bxf2 Kf7 34. Kg2 Ke7 35. Bc5+ Kf7 36. Ng5+ Kf6 37. Bxf8 Kxg5 38. Bxe6 Bb2 39. a4 Ba3 40. Be7+ Kg6 41. Bd6 Nc6 42. b5 Bxd6 43. bxc6 Bc7 44. h3 Kf6 45. Bc4 a5 46. Kf3 Ke7 47. Ke4 Kd6 48. Bb5 Bd8 49. Kf5 Bh4 50. Kg4 Bf6 51. h4 Ba1 52. Kf5 Bc3 53. h5 Bb2 54. h6 Bc3 55. h7 Bh8 56. Kg6 Be5 57. Kf7 Bd4 58. Kg8 Bf6 59. h8Q Bxh8 60. Kxh8 1-0

[Event "Kirov Arakelian Memorial-B 4th"]
[Site "Kirov"]
[Date "2014.05.01"]
[Round "2"]
[White "Derbenev, Andrey"]
[Black "Shustov, Dmitrij"]
[Result "1-0"]
[WhiteElo "2349"]
[BlackElo "1585"]
[PlyCount "51"]
[EventDate "2014.04.30"]
[EventType "tourn"]
[EventRounds "9"]
[EventCountry "RUS"]
[SourceTitle "EXT 2015"]
[Source "ChessBase"]
[SourceDate "2014.11.20"]
[SourceVersion "1"]
[SourceVersionDate "2014.11.20"]
[SourceQuality "1"]

1. e4 c5 2. Nf3 e6 3. d4 cxd4 4. Nxd4 a6 5. g3 d6 6. Bg2 Nf6 7. 0-0 Be7 8. c4 Qc7 9. Be3 Bd7 10. Nc3 Nc6 11. Rc1 0-0 12. Nd5 Qd8 13. Nxe7+ Qxe7 14. Ne2 Rac8 15. Bb6 Ne5 16. Qd4 Bc6 17. c5 Ne8 18. Rfd1 Nd7 19. cxd6 Qxd6 20. Ba5 Qxd4 21. Nxd4 Nef6 22. Nxc6 Rxc6 23. Rxc6 bxc6 24. g4 Nc5 25. e5 Nfd7 26. b4 1-0